Introduction to modeling in physiology and medicine / (رقم التسجيلة. 42656)
[ عرض عادي ]
| 000 -الفاتح | |
|---|---|
| حقل البيانات ثابتة الطول | 01023cam a2200301Ia 4500 |
| 001 - رقم الضبط | |
| رقم الضبط | 171547070 |
| 003 - محدد رقم الضبط | |
| رقم الضبط | OSt |
| 005 - وقت وتاريخ اخر تعامل مع التسجيلة | |
| رقم الضبط | 20180829162632.0 |
| 008 - عناصر البيانات ثابتة الطول - معلومات عامة | |
| حقل البيانات ثابتة الطول | 070910s2008 ne a b 001 0 eng |
| 015 ## - رقم الببليوجرافية الوطنية | |
| رقم الببليوجرافية الوطنية | GBA772535 |
| المصدر | bnb |
| 020 ## - الرقم الدولى المعيارى للكتب | |
| الرقم الدولى المعيارى للكتاب | 9780121602406 (hbk.) |
| 020 ## - الرقم الدولى المعيارى للكتب | |
| الرقم الدولى المعيارى للكتاب | 0121602400 (hbk.) |
| 040 ## - مصدر الفهرسة | |
| وكالة الفهرسة الأصلية | UKM |
| وكالة النسخ | UKM |
| وكالة التعديل | BAKER |
| -- | YDXCP |
| -- | OHX |
| -- | WYU |
| -- | CLU |
| 082 04 - رقم تصنيف ديوى العشرى | |
| رقم التصنيف | 571.015118 |
| رقم الطبعة | 22 |
| رقم المادة | CCI |
| 090 ## - رقم الضبط المحلى | |
| رقم تصنيف (OCLC) (R) ;رقم تصنيف, CALL (RLIN) (NR) | QP33.6.M36 |
| كتر محلي OCLC رقم كتاب / رقم طلب غير مقسم,رقم RLIN( غير مكرر) | C634 2008 |
| 090 ## - رقم الضبط المحلى | |
| رقم تصنيف (OCLC) (R) ;رقم تصنيف, CALL (RLIN) (NR) | QP33.6.M36 |
| كتر محلي OCLC رقم كتاب / رقم طلب غير مقسم,رقم RLIN( غير مكرر) | C634 2008 |
| 100 1# - المدخل الرئيسى - إسم شخصى | |
| الإسم الشخصى | Cobelli, Claudio |
| 9 (RLIN) | 64449 |
| 245 10 - بيان العنوان | |
| العنوان | Introduction to modeling in physiology and medicine / |
| بيان المسئوليه,etc | Claudio Cobelli and Ewart Carson |
| 250 ## - بيان الطبعة | |
| بيان الطبعة | 1st ed |
| 260 ## - PUBLICATION, DISTRIBUTION, ETC. (IMPRINT) | |
| مكان الناشر او الموزع | Amsterdam ; |
| -- | Boston : |
| اسم الناشر او الموزع | Academic Press, |
| تاريخ النشر أو التوزيع | 2008 |
| 300 ## - الوصف المادى | |
| التعداد | xii, 324 p. : |
| تفاصيل ماديه اخرى للوعاء | ill. ; |
| أبعاد الوعاء | 25 cm |
| 440 #0 - بيان السلسلة/مدخل إضافى-العنوان | |
| العنوان | Academic Press series in biomedical engineering |
| 9 (RLIN) | 64450 |
| 504 ## - تبصرة ببليوجرافية | |
| تبصرة ببليوجرافية,الخ | Includes bibliographical references and index |
| 650 #0 - المدخل الاضافى بالموضوع-مصطلح موضوعى | |
| مصطلح موضوعي أو اسم جغرافي كعنصر مدخل | Physiology |
| التقسيم الفرعي العام | Mathematical models |
| 9 (RLIN) | 41885 |
| 650 #0 - المدخل الاضافى بالموضوع-مصطلح موضوعى | |
| مصطلح موضوعي أو اسم جغرافي كعنصر مدخل | Medicine |
| التقسيم الفرعي العام | Mathematical models |
| 9 (RLIN) | 64451 |
| 700 1# - المدخل الاضافى - اسم شخصى | |
| الإسم الشخصى | Carson, Ewart R |
| 9 (RLIN) | 64452 |
| 942 ## - عناصر المدخل الإضافي( كوها) | |
| مصدر التصنيف او مخطط الترفيف | Dewey Decimal Classification |
| Koha [default] item type | كتاب |
| حالة الفقد | نموذج السعر الفعال | حالة تلف | ليس للاعارة | رقم الطلب | تاريخ الاكتساب | الموقع الحالي | الباركود | الفرع الرئيسي | Date last seen | نوع المادة فى نظام كوها | مصدر التصنيف او خطة الترفيف | Total Checkouts | Date last checked out |
|---|---|---|---|---|---|---|---|---|---|---|---|---|---|
| 2018-08-29 | 571.015118 CCI | 2018-08-29 | المكتبة المركزية بالمجمعة (CL) | 00657440 | المكتبة المركزية بالمجمعة (CL) | 2018-08-29 | كتاب | Dewey Decimal Classification | |||||
| 2018-08-29 | 571.015118 CCI | 2018-08-29 | المكتبة المركزية بالمجمعة (CL) | 00657441 | المكتبة المركزية بالمجمعة (CL) | 2022-02-13 | كتاب | Dewey Decimal Classification | 1 | 2021-02-21 | |||
| 2018-08-29 | 571.015118 CCI | 2018-08-29 | المكتبة المركزية بالمجمعة (CL) | 00657442 | المكتبة المركزية بالمجمعة (CL) | 2018-08-29 | كتاب | Dewey Decimal Classification | |||||
| 2018-09-04 | 571.015118 CCI | 2018-09-04 | مكتبة كلية العلوم الطبية التطبيقية بالمجمعة - طالبات (AMF) | 00657775 | مكتبة كلية العلوم الطبية التطبيقية بالمجمعة - طالبات (AMF) | 2018-09-04 | كتاب | Dewey Decimal Classification | |||||
| 2018-09-04 | 571.015118 CCI | 2018-09-04 | مكتبة كلية العلوم الطبية التطبيقية بالمجمعة - طالبات (AMF) | 00657776 | مكتبة كلية العلوم الطبية التطبيقية بالمجمعة - طالبات (AMF) | 2018-09-04 | كتاب | Dewey Decimal Classification |
